| 000 | 01046nac a22002291u 4500 | ||
|---|---|---|---|
| 010 | _a 95036680 | ||
| 020 | _a0471577480 (alk. paper) | ||
| 082 | 0 | 0 |
_a658.84 _bB5161 |
| 090 |
_c4015 _d4015 |
||
| 100 | _aBerman, Barry. | ||
| 245 | 1 | 0 |
_aMarketing channels / _cBarry Berman. |
| 260 |
_aNew York : _bWiley, _cc1996. |
||
| 300 |
_axvi, 663, [60] p. : _bill. (some col.) ; _c24 cm. |
||
| 504 | _aIncludes bibliographical references and indexes. | ||
| 650 | 0 | _aMarketing channels. | |
| 650 | 0 |
_aMarketing _xManagement. |
|
| 856 | 4 | 2 |
_3Publisher description _uhttp://www.loc.gov/catdir/description/wiley037/95036680.html |
| 856 | 4 | 2 |
_3Table of Contents _uhttp://www.loc.gov/catdir/toc/onix03/95036680.html |
| 942 |
_cBB _k658.84B5161 |
||
| 999 |
_c4015 _d4015 |
||